LOTR: Frodo Baggins - Statistics

General Stats
  • This quiz has been taken 76 times
  • The average score is 13 of 19
Answer Stats
Answer % Correct
He was adopted by his "uncle" Bilbo Baggins
98%
his gardener and best friend Samwise Gamgee
97%
The creature Frodo captured and who acted as his guide into Mordor Gollum
95%
The estate Frodo inherits from his uncle Bag End
85%
The destination of the Fellowship and specifically Frodo as the Ringbearer Mount Doom
82%
in which village is this estate located Hobbiton
81%
Frodo is wounded a second time during his journey, by this creature living at Cirith Ungol Shelob
81%
Near which landmark was Frodo stabbed by the Witch-King with a Morgul-knife? Weathertop
79%
How old is Frodo when he leaves for Crickhollow? 50 years
77%
Sting
77%
his father Drogo Baggins
76%
Which alias did he use in Bree? Mr. Underhill
76%
The actor who played Frodo in Peter Jackson's trilogy Elijah Wood
73%
How did his parents die? drowned in a boating accident
58%
Frodo served as Deputy of this function for a short while until Will Whitfoot was restored Mayor of Michel Delving
52%
In Rivendell Bilbo gave Frodo these two items to protect him on his journey Mithril coat
52%
The gift Galadriel presented specifically to Frodo when the Fellowship departed from Lothlorien Phial of Galadriel
52%
his mother Primula Brandybuck
27%
his birthday 22 september
26%
No matching quizzes found
Score Distribution
Percent of People with Each Score
Percentile by Number Answered
Your Score History
You have not taken this quiz